Las Aventuras de Pinocho
محفوظ في:
| المؤلف الرئيسي: | |
|---|---|
| التنسيق: | كتاب |
| اللغة: | الإسبانية |
| منشور في: |
Santiago
Pehuén
1989
|
| الطبعة: | 1a. ed |
| سلاسل: | Colección Moby Dick, 22
|
| الموضوعات: | |
| الوسوم: |
إضافة وسم
لا توجد وسوم, كن أول من يضع وسما على هذه التسجيلة!
|
MARC
| LEADER | 00000nam a2200000 a 4500 | ||
|---|---|---|---|
| 001 | UCH5553 | ||
| 003 | CL-VaPUC | ||
| 008 | 091014e19890000CL |||||||||||||||||spa|d | ||
| 020 | |a 9561601116 | ||
| 082 | 0 | 4 | |a 853 |b COL |2 21 |
| 100 | 0 | |a Collodi, Carlo |e author |9 541847 | |
| 245 | 1 | 4 | |a Las Aventuras de Pinocho |
| 250 | |a 1a. ed | ||
| 300 | |a 204 p | ||
| 942 | |c BK | ||
| 945 | |d 20091014 00:00:00 |a ccalabra | ||
| 260 | |a Santiago |b Pehuén |c 1989 | ||
| 650 | 0 | |a Literatura |9 259151 | |
| 650 | 0 | |a Literatura italiana |9 266970 | |
| 650 | 0 | |a Cuentos |9 308079 | |
| 650 | 0 | |a Cuentos infantiles |9 308044 | |
| 650 | 7 | |a ESCRITORES ITALIANOS |2 CL-VaPUC |9 464327 | |
| 650 | 0 | |a Ficción |9 376687 | |
| 650 | 0 | |a Lectura |9 307634 | |
| 651 | 0 | |a Italia |9 254949 | |
| 583 | |a last modification |c 20091014 00:00:00 |k Rodrigo Vera | ||
| 490 | 0 | |a Colección Moby Dick, 22 | |
| 999 | |c 336677 |d 336675 | ||